Kỹ thuật lập trình ứng dụng C#.Net : Toàn tập
Đã lưu trong:
| 主要作者: | |
|---|---|
| 格式: | 图书 |
| 语言: | Undetermined |
| 出版: |
Hà Nội
Lao động - Xã hội
2005
|
| 主题: | |
| 标签: |
添加标签
没有标签, 成为第一个标记此记录!
|
| Thư viện lưu trữ: | Trung tâm Học liệu Trường Đại học Cần Thơ |
|---|
| LEADER | 00668nam a2200205Ia 4500 | ||
|---|---|---|---|
| 001 | CTU_112312 | ||
| 008 | 210402s9999 xx 000 0 und d | ||
| 020 | |c 88000 | ||
| 082 | |a 005.133 | ||
| 082 | |b Ph561/T.1 | ||
| 100 | |a Phương Lan | ||
| 245 | 0 | |a Kỹ thuật lập trình ứng dụng C#.Net : | |
| 245 | 0 | |b Toàn tập | |
| 245 | 0 | |c Phương Lan, Phạm Hữu Khang, Hoàng Đức Hải | |
| 260 | |a Hà Nội | ||
| 260 | |b Lao động - Xã hội | ||
| 260 | |c 2005 | ||
| 650 | |a C# ( computer program language ),Internet programming,Microsoft .net | ||
| 904 | |i Minh | ||
| 980 | |a Trung tâm Học liệu Trường Đại học Cần Thơ | ||